Le Corbusier sketchbooks /

Bibliographic Details
Main Author: Le Corbusier, 1887-1965
Corporate Author: Fondation Le Corbusier
Other Authors: Franclieu, Françoise de
Format: Book
Language:English
Published: New York : Cambridge, Mass. : Architectural History Foundation ; MIT Press, [1981-]
Series:Architectural History Foundation/MIT Press series ; 4.
Subjects:

MARC

Tag First Indicator Second Indicator Subfields
LEADER 00000cam a2200000 i 4500
001 in00000073872
005 20151008054731.0
008 801212m19819999nyua 00110 engm
010 |a  80028987  
020 |a 0262030780 (v. 1) 
035 |a (OCoLC)07174064 
035 |9 AAJ1524AM 
040 |a DLC  |c DLC  |d m.c.  |d OCL  |d TXA  |d UtOrBLW 
049 |a TXAM  |v 1 [1442298]  |v 2 [1503819]  |v 3 [1503820]  |v 4 [1505080] 
050 0 0 |a NC248 J4  |b  A4 1981 
082 0 |a 741.944  |2 19 
100 0 |a Le Corbusier,  |d 1887-1965. 
245 1 0 |a Le Corbusier sketchbooks /  |c preface by Andre Wogenscky ; introduction by Maurice Besset ; notes by Francoise de Franclieu. 
264 1 |a New York :  |b Architectural History Foundation ;  |a Cambridge, Mass. :  |b MIT Press,  |c [1981-] 
264 4 |c ©1981- 
300 |a volumes :  |b illustrations (some color) ;  |c 27 cm. 
336 |a text  |b txt  |2 rdacontent 
337 |a unmediated  |b n  |2 rdamedia 
338 |a volume  |b nc  |2 rdacarrier 
490 1 |a The Architectural History Foundation/MIT Press series ;  |v 4 
500 |a Published with the collaboration of the Fondation Le Corbusier, Paris. 
500 |a Includes index. 
500 |a Volume 2 published by London : Thames and Hudson. 
505 0 |a v. 1. 1914-1948 -- v. 2. 1950-1954 -- v. 3. 1954-1957 -- v. 4. 1957-1964. 
600 0 0 |a Le Corbusier,  |d 1887-1965. 
700 1 |a Franclieu, Françoise de. 
710 2 |a Fondation Le Corbusier. 
830 0 |a Architectural History Foundation/MIT Press series ;  |v 4. 
999 |a MARS 
999 f f |s 5c987a22-4631-3258-aeb9-e53928aa6bf7  |i c21b1c60-2924-3eb8-9d2a-b0dddffc93af  |t 0 
952 f f |p normal  |a Texas A&M University  |b College Station  |c Sterling C. Evans Library  |d Evans: Library Stacks  |t 0  |e NC248 J4 A4 1981  |h Library of Congress classification  |i unmediated -- volume  |k v.4  |m A14806454254 
952 f f |p normal  |a Texas A&M University  |b College Station  |c Sterling C. Evans Library  |d Evans: Library Stacks  |t 0  |e NC248 J4 A4 1981  |h Library of Congress classification  |i unmediated -- volume  |k v.3  |m A14806307554 
952 f f |p normal  |a Texas A&M University  |b College Station  |c Sterling C. Evans Library  |d Evans: Library Stacks  |t 0  |e NC248 J4 A4 1981  |h Library of Congress classification  |i unmediated -- volume  |k v.2  |m A14806307546 
952 f f |p normal  |a Texas A&M University  |b College Station  |c Sterling C. Evans Library  |d Evans: Library Stacks  |t 0  |e NC248 J4 A4 1981  |h Library of Congress classification  |i unmediated -- volume  |k v.1  |m A14806169142 
998 f f |a NC248 J4 A4 1981  |s v.1-4  |t 0  |l Evans: Library Stacks